000 00705nam a2200241Ia 4500
003 OSt
005 20220924122214.0
006 a|||||r|||| 00| 0
007 ta
008 220923b |||||||| |||| 00| 0 urd d
024 _a285694
037 _cTextual
040 _aARTS
_cARTS
_burd
041 _2urd
_aurd
082 _aO168,1:gx, C9;K6
100 _aDelhelvi Mirza Qadir Bakhsh Sabir
_9188715
245 0 _aUrdu classiki adab
_b Gulistan-e-Sukhan
260 _aLahore
_bMajlis Taraqqi Adab Pakistan
_c1966
300 _a570p.
_ccm.
650 _aURDU POETRY
942 _hO168,1:gx, C9;K6
_cTEXL
_2CC
999 _c410716
_d410716